[Event "Wch U20 Girls 35th"]
[Site "Tarvisio"]
[Date "2017.11.20"]
[Round "7"]
[White "Andolfatto, Maria"]
[Black "Lahav, Michal"]
[Result "1/2-1/2"]
[WhiteElo "1970"]
[BlackElo "2148"]
[PlyCount "62"]
[EventDate "2017.11.13"]
[EventType "swiss"]
[EventRounds "11"]
[EventCountry "ITA"]
[SourceTitle "CBM 181 Extra"]
[Source "ChessBase"]
[SourceDate "2017.12.12"]
[SourceVersion "1"]
[SourceVersionDate "2017.12.12"]
[SourceQuality "1"]

1. Nf3 Nf6 2. c4 g6 3. g3 Bg7 4. Bg2 0-0 5. Nc3 d5 6. cxd5 Nxd5 7. 0-0 Nc6 8. Nxd5 Qxd5 9. d3 Bg4 10. Bf4 Qd7 11. Qd2 Bxf3 12. Bxf3 Nd4 13. Bg2 c6 14. Be3 Rfd8 15. Rab1 h5 16. h4 Qg4 17. Bxd4 Bxd4 18. Kh2 Qf5 19. Bf3 Qc5 20. b4 Qb5 21. Qc2 Qb6 22. Kg2 Rac8 23. a4 Qc7 24. Rfc1 Qd7 25. Qb3 Bf6 26. Rc4 Qe6 27. Qc2 Rd4 28. Rxd4 Bxd4 29. Rc1 Rd8 30. Qc4 Qxc4 31. Rxc4 Bb6 1/2-1/2

[Event "Mitropa Cup (Women)"]
[Site "Balatonszarszo"]
[Date "2017.09.25"]
[Round "9.4"]
[White "Andolfatto, Maria"]
[Black "Dmochowska, Agnieszka"]
[Result "1-0"]
[WhiteElo "1969"]
[BlackElo "2073"]
[PlyCount "75"]
[EventDate "2017.09.17"]
[EventType "team-tourn"]
[EventRounds "9"]
[EventCountry "HUN"]
[SourceTitle "CBM 180 Extra"]
[Source "ChessBase"]
[SourceDate "2017.10.06"]
[SourceVersion "1"]
[SourceVersionDate "2017.10.06"]
[SourceQuality "1"]
[WhiteTeam "Italy (W)"]
[BlackTeam "Poland (W)"]
[WhiteTeamCountry "ITA"]
[BlackTeamCountry "POL"]

1. Nf3 Nf6 2. c4 e6 3. g3 d5 4. Bg2 dxc4 5. 0-0 Be7 6. Qa4+ Nbd7 7. Qxc4 a6 8. Qc2 c5 9. Nc3 0-0 10. d4 Nd5 11. Nxd5 exd5 12. Bf4 c4 13. Ne5 Nf6 14. b3 cxb3 15. Qxb3 Ne4 16. Rac1 Bf6 17. Rfd1 b5 18. Nc6 Qd7 19. Nb4 Ra7 20. Qxd5 a5 21. Qxd7 Bxd7 22. Nd5 Bf5 23. f3 Ng5 24. e4 Bd7 25. Nxf6+ gxf6 26. d5 h5 27. Be3 Raa8 28. Rc7 Rfd8 29. f4 Nh7 30. Bf3 b4 31. Bxh5 a4 32. Bc5 b3 33. axb3 axb3 34. Rb1 Rac8 35. Bb6 Rxc7 36. Bxc7 Rc8 37. d6 Ba4 38. Bd1 1-0